Evaluation of certain new Hevea clones in Kanyakumari region (Record no. 58905)

MARC details
000 -LEADER
fixed length control field 00559nam a2200181Ia 4500
100 ## - MAIN ENTRY--AUTHOR NAME
Personal name Soman T A
245 #0 - TITLE STATEMENT
Title Evaluation of certain new Hevea clones in Kanyakumari region
260 ## - PUBLICATION, DISTRIBUTION, ETC. (IMPRINT)
Name of publisher PLACROSYM XIX, 7-10 December 2010, Kottayam. Climate Change. 19th Biennial Symposium on Plantation Crops. Abstracts.pp.58-60.
650 ## - SUBJECT ADDED ENTRY--TOPICAL TERM
Topical Term Correlation
650 ## - SUBJECT ADDED ENTRY--TOPICAL TERM
Topical Term Girth increment
650 ## - SUBJECT ADDED ENTRY--TOPICAL TERM
Topical Term Yield
700 ## - ADDED ENTRY--PERSONAL NAME
Personal name John A
700 ## - ADDED ENTRY--PERSONAL NAME
Personal name Mydin K K
700 ## - ADDED ENTRY--PERSONAL NAME
Personal name Nazeer M A
700 ## - ADDED ENTRY--PERSONAL NAME
Personal name Suryakumar M
942 ## - ADDED ENTRY ELEMENTS (KOHA)
Koha item type Journals
Holdings
Withdrawn status Lost status Damaged status Not for loan Home library Current library Shelving location Date acquired Koha item type
      Journals RRII Library RRII Library Botany 17/12/2021 Journals